Suelos derivados de cenizas volcánicas en Japón /

Guardado en:
Autor Principal: Ishizuka, Yoshiaki.
Otros Autores: Black, C.A.
Formato: Libro
Idioma:Spanish
Etiquetas: Agregar Etiqueta
Sin Etiquetas, Sea el primero en etiquetar este registro!
LEADER 00433nam a22001335a 4500
001 EEA.libagro003597
005 20190527113431.0
008 130809s1980####mx#a##########000#0#spa#d
082 0 4 |a 631.44 
100 1 |a Ishizuka, Yoshiaki. 
245 1 0 |a Suelos derivados de cenizas volcánicas en Japón /  |c Yoshiaki Ishizuka, C.A. Black. 
300 |a 106 p. :  |b ilus. ;  |c 27 cm. 
700 1 |a Black, C.A. 
859 |a AR-BbBCA  |b BIB. AGRONOMIA  |h 631.44  |i Is79  |p 1985/0834